| 000 | 00534nam a2200181 a 4500 | ||
|---|---|---|---|
| 001 | 3585 | ||
| 005 | 20140414131951.0 | ||
| 008 | 050727s19uu xx 00 eng d | ||
| 020 | _a1-56189-500-8 | ||
| 050 |
_aTR 332.024 _bCo73 2001 |
||
| 245 | 4 | _aThe Complete book of time and money, ages 5-8. | |
| 260 |
_aColumbus, Ohio : _bMcGraw-Hill Children's Pub., _c2001. |
||
| 300 | _a352 p. : ill. ; cm. | ||
| 650 |
_aMathematics _xJuvenile literature. |
||
| 650 |
_aTime _xActivities. |
||
| 650 |
_aMoney _xActivities. |
||
| 999 |
_c112779 _d112779 |
||